| 000 | 02101nam0a2200409 4500 | ||
|---|---|---|---|
| 001 | RU\NLR\BIBL_A\022600281 | ||
| 005 | 20260420052001.0 | ||
| 010 | _a978-5-00185-803-4 | ||
| 010 |
_a978-5-09-126558-3 _9600 |
||
| 021 |
_aRU _bАЛ-П-25-00781и _9АЛ-П-25-0159 |
||
| 035 | _a(NLR Aleph) 022600281 | ||
| 090 |
_a13681357 _c13681357 |
||
| 100 | _a20250813d2025 u y0rusy50 ca | ||
| 101 | 0 | _arus | |
| 102 | _aRU | ||
| 105 | _aac||z|||001yy | ||
| 181 | 0 |
_ab3 _bxb2e |
|
| 181 | 0 |
_ai2 _baxxe |
|
| 182 | 0 | _an | |
| 200 | 1 |
_aНидерландская живопись _eБосх, Брейгель, Рубенс, Вермеер и другие знаменитые мастера _e[художественный альбом] _fА. Ю. Королева |
|
| 203 |
_aИзображение _aТекст _bвизуальные _cнепосредственные |
||
| 210 |
_aМосква _cПросвещение, ОЛМА, Просвещение-Союз _d2025 |
||
| 215 |
_a205 с. _cцв. ил., портр. _d26 |
||
| 225 | 1 | _aСокровища живописи | |
| 300 | _aНа обл. авт. не указан | ||
| 320 | _aУказ. имен худож. и произведений: с. 204-205 | ||
| 606 | 1 |
_aЖивопись нидерландская _jАльбомы _z15 - 17 вв. _92370611 _3RU\NLR\AUTH\661414999 |
|
| 686 | 1 | _aЩ143(4Н)4я61 | |
| 700 | 1 |
_7ca _8rus _aКоролева _bА. Ю. _cканд. искусствоведения _gАнастасия Юрьевна _967775 _3RU\NLR\AUTH\7784847 |
|
| 702 | 1 |
_4040 _7ca _8rus _aБосх _bХ. _fок.1450-1516 _gХиеронимус _9126103 _3RU\NLR\AUTH\7716464 |
|
| 702 | 1 |
_4040 _7ca _8rus _aБрейгель _bП. _cст. _fок.1525-1569 _gПитер _9119346 _3RU\NLR\AUTH\779518 |
|
| 702 | 1 |
_4040 _7ca _8rus _aРубенс _bП. П. _f1577-1640 _gПитер Пауль _9119268 _3RU\NLR\AUTH\779439 |
|
| 702 | 1 |
_4040 _7ca _8rus _aВермер Делфтский _bЯ. _f1632-1675 _gЯн _994553 _3RU\NLR\AUTH\77111628 |
|
| 942 | _cBOOK | ||
| 980 | _aNB | ||